000 00736nam a2200241 4500
003 OSt
005 20240708063420.0
006 a
008 240708b |||||||| |||| 00| 0 eng d
020 _a9812326413
040 _aDWCL-Main lib.
_cOC
082 _2Second edition
_aCirc. 968 R821s 2004
100 _aRosmarin, Ike
245 _aSouth Africa /
250 _aSecond edition
260 _aSingapore :
_bTimes Books International,
_cc2004.
300 _b144 p. : col. ill. ;
_c23 cm.
490 _3Cultures of the World
504 _aIncludes bibliographical references and index.
650 _a1. South Africa.
650 _a2. South Africa-Social life and customs.
942 _2ddc
_n0
_cBK-CIRC
_eSecond edition
_kCirc.
999 _c2103
_d2103